00682nam a22002057a 4500008004100000010001700041020002600058035001700084037002200101040001800123082001000141100001800151245007900169260005900248270007400307300003600381500002000417700002000437700001900457090225t xxu||||| |||| 00| 0 eng d aB-340755-774 a9788190746212c225.00 aB-340755-774 bI.K.International adplbEnglish  a620.1 aSingal, R.K.  aEngineering mechanics /cby R.K. Singal, Mridul Singal [and] Rishi Singal  aNew Delhi bI.K. International Publishing House c2009 aS-25, Green Park Extension, Uphaar Cinema Mrket, bNew Delhi e110016 aVarious pagings c23cm. (pbk)  aIncludes index  aSingal, Mridul  aSingal, Rishi